[Event "III Copa Marcel Duchamp 2019"]
[Site "Montevideo"]
[Date "2019.02.09"]
[Round "1.1"]
[White "Mareco, Sandro"]
[Black "Barandiaran, Gabriel"]
[Result "1-0"]
[WhiteElo "2664"]
[BlackElo "1836"]
[Annotator "TA"]
[PlyCount "69"]
[EventDate "2019.02.09"]
[EventType "swiss"]
[EventCountry "URU"]
[SourceTitle "playchess.com"]
[Source "ChessBase"]
[SourceQuality "1"]

{[%evp 17,69,17,54,35,34,16,58,50,57,48,46,43,47,34,54,61,90,89,93,0,79,63,96,52,66,52,74,72,87,61,155,156,170,181,355,300,327,326,188,206,481,481,464,470,709,702,689,692,631,324,325,314,285,301]} 1. c4 Nf6 2. Nc3 g6 3. e4 d6 4. d4 Bg7 5. Nf3 O-O 6. Be2 Nbd7 7. O-O e5 8. Re1 c6 9. Bf1 Qe7 10. Bg5 {E95: King's Indian: Classical: 7...Nbd7 8 Re1} h6 11. Bh4 Kh7 $146 ({Predecessor:} 11... Re8 12. d5 c5 13. a3 Qf8 14. b4 b6 15. Nb5 Rd8 16. Nc7 Rb8 {0-1 (33) Dzhumagaliev,Y (2400)-Jones,G (2650) Almaty 2016}) 12. h3 {White is slightly better.} Re8 13. Rb1 a5 14. d5 Nc5 15. b3 {[%cal Bb2b3,Bb3b4][%mdl 32]} Qc7 16. a3 Nh5 17. b4 Nd7 18. Qd2 ({White should try} 18. dxc6 $16 bxc6 19. c5 dxc5 20. b5) 18... f6 (18... axb4 $11 19. axb4 g5) 19. Nh2 $16 g5 20. Bg3 Nxg3 21. fxg3 Nf8 22. Be2 Ng6 23. Bg4 Bxg4 (23... axb4 $14 24. axb4 Ne7) 24. Nxg4 h5 25. Ne3 Qb6 $2 (25... axb4 26. axb4 h4) 26. Kh1 Qd4 27. Qe2 g4 {[#]} 28. Ncd1 $1 {Nf5 is the strong threat.} Qxe4 $2 (28... Ne7 {was called for.}) 29. Nf2 $18 {[%mdl 64] Double Attack} Qd4 30. Nf5 Qc3 {[#]} (30... Qb6 $142 31. hxg4 cxd5 32. gxh5 Ne7) 31. Nxg4 $1 {[%mdl 512]} hxg4 32. Qxg4 {Black must now prevent Qh5+.} Qd2 {intending ...Qg5.} 33. Qh5+ Kg8 34. Qxg6 {[%csl Gf5][%cal Rg6g7]} Qg5 35. Qxg5 {Accuracy: White = 61%, Black = 19%.} ({Not} 35. Qxg7+ Qxg7 36. Nxg7 Kxg7 $16) 1-0

[Event "III Copa Marcel Duchamp 2019"]
[Site "Montevideo"]
[Date "2019.02.09"]
[Round "1.2"]
[White "Silva Rosas, Natalia"]
[Black "Felgaer, Ruben"]
[Result "0-1"]
[WhiteElo "1830"]
[BlackElo "2562"]
[Annotator "TA"]
[PlyCount "42"]
[EventDate "2019.02.09"]
[EventType "swiss"]
[EventCountry "URU"]
[SourceTitle "playchess.com"]
[Source "ChessBase"]
[SourceQuality "1"]

{[%evp 14,42,-20,-20,-21,-209,-206,-194,-124,-431,-429,-411,-401,-393,-389,-424,-400,-429,-427,-709,-680,-1349,-808,-1234,-1227,-2197,-2162,-2212,-2227,-2349,-2043]} 1. e4 c5 2. Nc3 Nc6 3. f4 g6 4. Nf3 Bg7 5. Bc4 e6 6. f5 Nge7 7. fxe6 dxe6 8. O-O O-O {B23: Closed Sicilian: Lines without g3} 9. Qe1 $2 {[#]} (9. d3 $11 {and White stays safe.}) (9. d3 Nd4 10. Bg5 h6 11. Bh4 g5 12. Bg3 Ng6 13. Nxd4 cxd4 14. Nb5 Be5 15. c3 Bxg3 16. hxg3 dxc3 17. bxc3 Bd7 18. Nd4 {0-1 (28) Al Modiahki,M (2542)-Kuzubov,Y (2699) Riadh 2017}) 9... Nd4 $19 10. Qh4 $146 ({Predecessor:} 10. d3 Nxc2 11. Qh4 Nxa1 12. Bh6 Nc2 13. Ng5 Bxh6 14. Qxh6 Qd4+ 15. Rf2 Qg7 16. Qxg7+ Kxg7 17. Rxc2 {0-1 (33) Wojnowska,N (1426)-Retailleau,E (1932) Agen 2018}) 10... Nec6 ({Black should try} 10... Nxc2 $19 11. Rb1 Nc6 12. Qxd8 Rxd8) 11. Ng5 $2 {[%mdl 8192]} (11. Qxd8 $17 Rxd8 12. Nxd4 cxd4 13. Nb5) 11... h6 12. d3 hxg5 13. Bxg5 f6 14. Bh6 Ne5 15. Bb3 b5 {Black is clearly winning.} 16. Nd5 (16. Be3 $142) 16... Nxb3 {[%cal Bd4b3,Bb3a1,Ba1c2][%mdl 32]} 17. Nxf6+ Bxf6 18. Qg3 Nxa1 19. Bf4 Qd4+ 20. Kh1 Nxc2 21. h4 Qxd3 0-1

[Event "III Copa Marcel Duchamp 2019"]
[Site "Montevideo"]
[Date "2019.02.09"]
[Round "1.3"]
[White "Hernandez Guerrero, Gilberto"]
[Black "Schnaider, Ilan"]
[Result "1-0"]
[WhiteElo "2533"]
[BlackElo "1825"]
[Annotator "TA"]
[PlyCount "67"]
[EventDate "2019.02.09"]
[EventType "swiss"]
[EventCountry "URU"]
[SourceTitle "playchess.com"]
[Source "ChessBase"]
[SourceQuality "1"]

{[%evp 10,67,16,9,10,8,16,0,8,6,29,15,31,33,37,20,31,34,47,44,67,76,90,80,91,67,66,75,162,161,221,175,167,164,250,210,211,212,228,217,322,315,511,515,662,581,529,578,571,568,564,510,841,837,860,858,1525,1353,1515,1468]} 1. e4 e6 2. d3 {[%cal Bd2d3,Bd3e4][%mdl 32]} d5 3. Qe2 dxe4 4. dxe4 Nc6 5. Nf3 e5 6. c3 Bd6 {C00: French: Unusual White 2nd moves} 7. Qc2 h6 8. Nbd2 Nf6 {The position is equal.} 9. Nc4 Bg4 $146 ({Predecessor:} 9... O-O 10. Be2 a6 11. a4 Qe7 12. a5 Nh5 13. g3 Nf6 14. h3 Be6 {1-0 (49) Glek,I (2580)-Brynell,S (2473) Izmir 2004}) 10. Be2 Qe7 11. O-O O-O 12. h3 Be6 13. b4 a6 14. a4 Bxc4 15. Bxc4 Rfb8 16. Nh4 Qd7 17. Qe2 Ne7 18. Re1 c6 (18... Rc8 $16) 19. Qf3 $18 Kh7 (19... b5 $142) 20. Bxf7 Rf8 21. Bb3 Nfd5 (21... c5 $142 22. Ba3 cxb4 23. cxb4 a5) 22. Qd3 Nf4 23. Bxf4 Rxf4 24. Rad1 Rf6 (24... Rd8 $142) 25. c4 {[%cal Bc3c4,Bc4c5][%mdl 32]} Qe8 $2 {[#]} (25... Qd8 26. c5 Bc7) 26. c5 {White is clearly winning.} Bb8 27. Qd7 Qf8 28. Re2 Ba7 29. a5 Rb8 {[#]} 30. Nf5 $1 {[%mdl 512]} Ng6 (30... Nxf5 $142 31. exf5 Re8) 31. g3 Nh8 32. Qc7 Kg6 33. h4 Nf7 34. Rd7 {Precision: White = 78%, Black = 19%.} 1-0

[Event "III Copa Marcel Duchamp 2019"]
[Site "Montevideo"]
[Date "2019.02.09"]
[Round "1.4"]
[White "Zaruski, Julio"]
[Black "Alonso, Salvador"]
[Result "0-1"]
[WhiteElo "1823"]
[BlackElo "2502"]
[Annotator "TA"]
[PlyCount "104"]
[EventDate "2019.02.09"]
[EventType "swiss"]
[EventCountry "URU"]
[SourceTitle "playchess.com"]
[Source "ChessBase"]
[SourceQuality "1"]

{[%evp 22,104,22,29,41,26,22,14,28,26,64,47,59,54,58,49,61,43,46,50,46,0,39,0,0,0,51,27,29,0,31,0,39,0,0,-245,-235,-954,-934,-924,-903,-1225,-1045,-2050,-2027,-1656,-2247,-2187,-2187,-1840,-1645,-1677,-1474,-2949,-2678,-1244,-735,-800,-800,-907,-524,-527,-521,-509,-482,-465,-452,-624,-577,-693,-693,-1239,-1204,-1177,-910,-1652,-1756,-29984,-29985,-29986,-29987,-29988,-29989,-29989,-29990]} 1. Nf3 c5 2. c4 Nc6 3. Nc3 g6 4. g3 Bg7 5. Bg2 d6 6. O-O e5 7. d3 Nge7 8. Bd2 O-O 9. Rb1 h6 10. a3 a5 11. Ne1 Be6 12. Nd5 a4 {A37: Symmetrical English vs ...g6: 4 Bg2 Bg7 5 Nf3} 13. b3 $146 ({Predecessor:} 13. Nc3 Qa5 14. Nb5 Qd8 15. Nc3 Qa5 16. Nc2 Rfb8 17. Ne3 Nd4 18. Ncd5 Qd8 19. Nxe7+ Qxe7 20. Nd5 {½-½ (83) Amin,B (2634)-Grischuk,A (2794) Tsaghkadzor 2015}) 13... axb3 14. Rxb3 Ra7 {The position is equal.} 15. Nc2 Nd4 16. Nxd4 exd4 17. Nf4 Bc8 18. h4 Nc6 19. Bc1 Re8 20. Re1 Ne5 21. Nd5 Bg4 22. Qd2 Kh7 23. Kf1 Be6 (23... Bd7 $11) 24. Nf4 Bc8 25. Nd5 Ng4 26. Kg1 Be5 27. h5 gxh5 28. Nf4 $2 {[#]} (28. Bf3 $11 Rh8 29. Bxg4 hxg4 30. e3 (30. Qxh6+ Kg8 $11)) 28... h4 $19 29. Bf3 $2 (29. Rf1) 29... hxg3 30. fxg3 Ne3 31. Ng2 Bxg3 32. Qb2 Bxe1 33. Bxe3 dxe3 34. Nxe1 Rg8+ 35. Ng2 Bh3 36. d4 Bxg2 37. Qb1+ Kh8 38. Bxg2 Qf6 {( -> ...Qf2+)} 39. Rxe3 Qxd4 {[%mdl 64] [#] Double Attack} 40. Qd3 Qxd3 41. Rxd3 {[%mdl 4096] Endgame KRR-KRB} Rg4 42. Rxd6 Rxa3 43. Kf2 Rxc4 44. Rxh6+ Kg7 45. Rh5 b5 {[%cal Bb7b5,Bb5b4][%mdl 32]} 46. Bc6 b4 47. Bd5 Rd4 48. Rf5 Kg6 49. e4 Rd2+ {Black mates.} 50. Ke1 Rh2 {[%cal Ra3a1]} 51. Rf2 Rxf2 52. Kxf2 b3 {Accuracy: White = 33%, Black = 62%.} 0-1

[Event "III Copa Marcel Duchamp 2019"]
[Site "Montevideo"]
[Date "2019.02.09"]
[Round "1.5"]
[White "Tristan, Leonardo"]
[Black "Quevedo, Andreina"]
[Result "1-0"]
[WhiteElo "2493"]
[BlackElo "1819"]
[Annotator "TA"]
[PlyCount "41"]
[EventDate "2019.02.09"]
[EventType "swiss"]
[EventCountry "URU"]
[SourceTitle "playchess.com"]
[Source "ChessBase"]
[SourceQuality "1"]

{[%evp 10,41,24,5,29,9,22,22,34,40,61,65,110,106,116,71,99,72,135,140,409,422,346,52,73,49,389,30,44,45,29992,29993,29993,29994]} 1. d4 Nf6 2. Bg5 e6 3. e4 h6 4. Bxf6 Qxf6 5. c3 d6 6. Bd3 Nd7 {A45: Trompowsky Attack} (6... g6 7. Ne2 Bg7 8. O-O O-O 9. f4 Qe7 10. e5 b6 11. Nd2 Bb7 12. Be4 Bxe4 13. Nxe4 Rd8 14. Qe1 {0-1 (62) Moiseenko,A (2667)-Wang,Y (2690) Riadh 2017}) 7. Ne2 g6 8. O-O Bg7 {The position is equal.} 9. f4 b6 10. f5 e5 $146 ({Predecessor:} 10... Bb7 11. Nd2 Qg5 12. fxe6 fxe6 13. Nf4 O-O 14. g3 Rf6 15. Nf3 Qa5 16. a4 c5 17. Bb5 Nf8 18. Qe1 c4 19. Nd2 Rc8 20. Nxc4 {1-0 (20) Rogers,I (2526)-Wei,M (2117) Tuggeranong 2006}) 11. fxg6 Qxg6 12. Nd2 h5 13. Bc4 Nf6 {[#]} (13... O-O $142) 14. Qa4+ $1 $16 Ke7 $2 {[%mdl 8192]} (14... Bd7 $16 15. Bb5 Qg4) 15. dxe5 $18 dxe5 16. Qc6 $2 (16. Nf3 $18 Bd7 17. Qa3+ c5 18. Nxe5 Qxe4 19. Rae1 Qe3+ 20. Kh1 Qxe5 21. Nd4 Qxe1 22. Rxe1+ Kf8 23. Nb5) 16... Bd7 $1 $14 {[%cal Rd7c6]} 17. Qxc7 Qg5 $2 {[%mdl 8192]} (17... Ne8 $1 $14 18. Bxf7 (18. Qb7 Nd6 $15) 18... Qxg2+ 19. Kxg2 Nxc7) 18. Nf3 $2 (18. Nd4 $18 Rhc8 19. Nc6+ Ke8 20. Bxf7+ Kxf7 21. Qxd7+ (21. Nxe5+ Kg8 $15) 21... Kg8 22. Qe6+ Kh7 23. Nf3) 18... Qe3+ $11 19. Kh1 Nxe4 $2 {[%mdl 8192]} (19... Ne8 $14 20. Qb7 Nd6) 20. Nxe5 Nf2+ {[#]} 21. Rxf2 $1 {[%mdl 512] Precision: White = 52%, Black = 15%.} 1-0

[Event "III Copa Marcel Duchamp 2019"]
[Site "Montevideo"]
[Date "2019.02.09"]
[Round "1.6"]
[White "Ortiz, Jorge"]
[Black "Rodriguez Vila, Andres"]
[Result "0-1"]
[WhiteElo "1809"]
[BlackElo "2486"]
[Annotator "TA"]
[PlyCount "68"]
[EventDate "2019.02.09"]
[EventType "swiss"]
[EventCountry "URU"]
[SourceTitle "playchess.com"]
[Source "ChessBase"]
[SourceQuality "1"]

{[%evp 15,68,1,9,9,13,0,8,0,5,0,-5,-63,-58,-89,-75,-96,-104,-91,-100,-91,-81,-94,28,-33,-23,-46,-40,-58,-47,-58,0,-80,-97,-54,-57,-153,-150,-161,-155,-183,-183,-179,-162,-185,-188,-301,-298,-299,-285,-285,-289,-295,-276,-271,-254]} 1. e4 e5 2. Nf3 Nc6 3. Bb5 a6 4. Ba4 Nf6 5. O-O b5 6. Bb3 Bc5 7. c3 d6 8. d3 h6 9. Nbd2 {C78: Ruy Lopez: Archangelsk and Möller Defences} (9. Re1 O-O 10. Nbd2 Ne7 11. a4 b4 12. d4 bxc3 13. bxc3 exd4 14. cxd4 Bb4 15. Re3 Ng6 16. h3 a5 {0-1 (65) Zhigalko,S (2638)-Giri,A (2762) Heraklio 2017}) 9... Bb6 10. a4 $146 {Black should prevent axb5.} ({Predecessor:} 10. Re1 Ne7 11. Nf1 Ng6 12. Ng3 O-O 13. d4 c5 14. h3 exd4 15. cxd4 c4 16. Bc2 Bb7 {0-1 (43) Tukhaev,A (2564)-Kovalev,V (2546) Minsk 2015}) 10... Rb8 11. axb5 {The position is equal.} axb5 12. Qe2 O-O 13. h3 (13. Rd1 $11) 13... Nh5 $1 $15 14. Rd1 Nf4 15. Qf1 Qf6 16. Nh2 h5 17. Ndf3 {[#]} g5 $1 18. Bxf4 gxf4 ({Black should play} 18... Qxf4 $17 19. d4 g4 20. hxg4 hxg4) 19. h4 ({Better is} 19. d4 $11) 19... Ne7 20. Qe2 Bg4 21. Nxg4 hxg4 22. Ng5 g3 (22... f3 $1 $15 23. Qd2 fxg2 24. Kxg2 b4) 23. Qh5 (23. Qg4 $11 {remains equal.}) 23... Bxf2+ $17 24. Kf1 {[%csl Gg5][%cal Rh5h7] [#]} Qg6 25. Qxg6+ (25. Qg4 $1 $15) 25... Nxg6 26. Nf3 Kg7 27. Ke2 Rh8 28. Rh1 Rh5 29. Rh3 b4 {aiming for ...bxc3.} 30. Bc4 (30. Rb1 $142) 30... bxc3 $19 {Black has a decisive advantage.} 31. bxc3 Rb2+ 32. Kd1 Be3 33. Ra2 Rb1+ 34. Ke2 Rc1 {Accuracy: White = 34%, Black = 72%.} 0-1

[Event "III Copa Marcel Duchamp 2019"]
[Site "Montevideo"]
[Date "2019.02.09"]
[Round "1.7"]
[White "Ricardi, Pablo"]
[Black "Visillac, Alejandro"]
[Result "1-0"]
[WhiteElo "2479"]
[BlackElo "1803"]
[Annotator "TA"]
[PlyCount "51"]
[EventDate "2019.02.09"]
[EventType "swiss"]
[EventCountry "URU"]
[SourceTitle "playchess.com"]
[Source "ChessBase"]
[SourceQuality "1"]

{[%evp 12,51,-9,-20,16,27,28,25,20,12,19,20,27,31,43,35,50,54,58,57,68,66,120,124,188,172,285,217,219,223,378,394,458,466,466,459,438,395,574,552,553,544]} 1. e4 e6 2. d3 d5 3. Nd2 Nf6 4. Ngf3 c5 5. g3 Nc6 6. Bg2 Be7 7. O-O e5 {C00: French: Unusual White 2nd moves} (7... O-O 8. Re1 b5 9. e5 Nd7 10. Nf1 Bb7 11. h4 Qc7 12. Bf4 Rfc8 13. Ne3 Qd8 14. Ng4 Bf8 15. Bg5 Qe8 16. c3 h6 17. Bf4 a5 18. Qd2 b4 19. c4 Ne7 20. h5 {1-0 (59) Kuzubov,Y (2699)-Grischuk,A (2772) Riadh 2017}) 8. exd5 Nxd5 9. Re1 f6 $1 {White has an edge.} 10. c3 O-O {[#]} 11. d4 $146 {[%mdl 512]} ({Predecessor:} 11. Qb3 Na5 12. Qa4 Bd7 13. Qd1 Nb6 14. d4 exd4 15. cxd4 {1-0 (36) Bojkovic,N (2385)-Boskovic,M (2080) Belgrade 1993}) 11... cxd4 12. cxd4 exd4 13. Nb3 Bb4 14. Bd2 Bg4 15. Bxb4 Ndxb4 16. a3 Nd5 ({Better is} 16... Na6 $1 $14) 17. Nbxd4 $16 Ne5 (17... Nb6 $16) 18. Qb3 $36 {[%mdl 2048] White is in control.} Nxf3+ (18... Kh8 {was worth a try.} 19. h3 (19. Nxe5 fxe5 20. Rxe5 Nf4 $16) (19. Qxb7 Rb8 $16) 19... Bxf3 20. Bxf3 (20. Nxf3 Nb6 $16) 20... Qb6 21. Bxd5 Qxd4) 19. Bxf3 Bxf3 20. Ne6 Qd7 $2 {[#]} (20... Qd6) 21. Nxf8 ({Weaker is} 21. Qxf3 Rfe8 $14) 21... Kxf8 22. Qxf3 Ne7 23. Rad1 Qc7 24. Qb3 Qc6 (24... Nc6 $142 25. Qd3 Kg8 26. Qd5+ Kh8) 25. Re6 Qc7 26. Red6 {Accuracy: White = 100%, Black = 34%.} 1-0

[Event "III Copa Marcel Duchamp 2019"]
[Site "Montevideo"]
[Date "2019.02.09"]
[Round "1.8"]
[White "Alvarez Ramirez, Miguel Angel"]
[Black "Salinas Herrera, Pablo"]
[Result "0-1"]
[WhiteElo "2282"]
[BlackElo "2477"]
[Annotator "TA"]
[PlyCount "74"]
[EventDate "2019.02.09"]
[EventType "swiss"]
[EventCountry "URU"]
[SourceTitle "playchess.com"]
[Source "ChessBase"]
[SourceQuality "1"]

{[%evp 17,74,31,44,30,64,13,22,4,13,-33,-20,-25,-21,-60,-60,-109,-106,-129,-95,-111,-111,-108,-52,-58,-21,-71,-66,-70,-89,-714,-738,-850,-819,-1241,-1225,-1216,-1237,-648,-1197,-1204,-1181,-1043,-1369,-1318,-1214,-1397,-1382,-1319,-1256,-1715,-1206,-1711,-1711,-2002,-1416,-29991,-698,-943,-682]} 1. e4 c5 2. Nf3 Nc6 3. d4 cxd4 4. Nxd4 Qb6 5. Nb3 Nf6 6. Nc3 e6 7. Be3 Qc7 8. Bd3 a6 9. f4 d6 10. O-O {B33: Sicilian: Pelikan and Sveshnikov Variations} (10. Qf3 Be7 11. g4 b6 12. O-O-O Nd7 13. Kb1 Nc5 14. g5 Bd7 15. Qf2 Nb4 16. Bd4 Rg8 17. Rhe1 Nbxd3 18. cxd3 O-O-O 19. Rc1 {½-½ (41) Ragger,M (2656)-Movsesian,S (2677) Linares 2017}) 10... b5 11. Qe1 ({White should play} 11. Qf3 $14) 11... Be7 $11 12. Qg3 {The position is equal.} O-O 13. f5 Kh8 14. fxe6 $146 ({Predecessor:} 14. Rae1 b4 15. Ne2 e5 16. Qf3 {1-0 (40) Suta,A (2165)-Osmanbegovic,S (2315) Slovenia 2015}) 14... fxe6 15. Bg5 Ne5 16. Bxf6 Bxf6 17. Rac1 Bb7 18. Nd2 b4 19. Ne2 Qb6+ ({Black should try} 19... Qe7 $17 {...Bh4 is the strong threat.} 20. Rcd1 a5) 20. Kh1 $15 d5 21. Nf4 Nxd3 {[%mdl 64] Discovered Attack} 22. cxd3 Bxb2 23. Qh3 $2 {[%mdl 8192]} (23. Rb1 $17 Bc3 24. Nf3) 23... Rxf4 $1 $19 24. Rxf4 Bxc1 25. Rh4 h6 26. Rxh6+ gxh6 27. Qxh6+ Kg8 28. Qg6+ Kf8 29. Nf3 Qf2 30. Qf6+ {[#]} Ke8 $1 31. Qxe6+ {[#]} Kd8 $1 32. Qd6+ Kc8 {( -> ...Qf1+)} 33. exd5 Qf1+ 34. Ng1 Qf4 35. Qc5+ Kb8 36. d6 Bxg2+ (36... Be3 $142 37. d4 Bxd4 38. Qc7+ Ka7 39. Nf3 Rg8 40. h3 Qg3 41. Qc2 Bxf3 42. Qh7+ Ka8 43. Qb7+ Bxb7 44. d7 Bxg2#) 37. Kxg2 {[%csl Gd6][%cal Rc5c7]} Qg5+ {Accuracy: White = 13%, Black = 67%.} 0-1

[Event "III Copa Marcel Duchamp 2019"]
[Site "Montevideo"]
[Date "2019.02.09"]
[Round "1.9"]
[White "Hoffman, Alejandro"]
[Black "De Haro, Martim Afonso Palma"]
[Result "1-0"]
[WhiteElo "2461"]
[BlackElo "1790"]
[Annotator "TA"]
[PlyCount "89"]
[EventDate "2019.02.09"]
[EventType "swiss"]
[EventCountry "URU"]
[SourceTitle "playchess.com"]
[Source "ChessBase"]
[SourceQuality "1"]

{[%evp 20,89,43,32,100,107,129,129,129,129,129,125,166,158,166,147,156,138,138,138,138,138,138,138,138,138,138,138,138,137,137,132,128,132,145,128,127,131,262,239,214,227,225,225,239,139,382,374,382,385,439,462,459,459,464,465,464,465,443,443,565,540,538,538,1297,1233,1295,1302,1489,1658,1711,1556]} 1. d4 Nf6 2. c4 e6 3. g3 d5 4. Nf3 c5 5. cxd5 exd5 6. Bg2 Nc6 7. O-O Be7 8. b3 O-O 9. Bb2 Bg4 10. dxc5 Bxc5 11. Nc3 d4 {[#] D34: Tarrasch Defence: 6 g3 Nf6 7 Bg2 Be7} ({Better is} 11... Rc8 $14) (11... Re8 12. Rc1 Bb4 13. h3 Bh5 14. a3 Bxc3 15. Bxc3 Ne4 16. Bb2 Qb6 17. g4 Bg6 18. Nd4 Rac8 19. e3 h6 20. Ne2 {1-0 (74) Mamedov,R (2651)-Ganguly,S (2626) Moscow 2013}) 12. Na4 $1 $16 {[%cal Ra4c5]} Bb6 13. Nxb6 $146 ({Predecessor:} 13. h3 Bh5 14. Nxb6 Qxb6 15. g4 Bg6 16. Bxd4 Nxd4 17. Qxd4 Qa6 18. e3 {1-0 (58) Zickus,S (2253)-Kvisla,J (2124) Oslo 2007}) 13... Qxb6 {White is better.} 14. Bxd4 (14. Nxd4 $6 Rfd8 $11) 14... Nxd4 15. Qxd4 ({Don't blunder} 15. Nxd4 $2 Rad8 $19) 15... Rfd8 16. Qxb6 axb6 17. h3 Be6 18. Rfd1 Rxd1+ 19. Rxd1 Kf8 20. Rd2 Ne4 21. Rc2 Rc8 22. Rxc8+ Bxc8 {[%mdl 4096] Endgame KBN-KBN} 23. Nd4 Nc3 24. a4 Ke7 25. Kf1 Kd6 26. Ke1 Kc5 27. e3 Kb4 28. Kd2 Be6 (28... b5 $16 {was worth a try.}) 29. Kc2 ({Resist} 29. Bxb7 $6 Bxh3 30. Kc2 Bd7 $18) 29... Bd5 30. Bxd5 Nxd5 $18 {KN-KN} 31. Nf5 Nf6 32. f3 ({Don't take} 32. Nxg7 $6 Ne4 $16) (32. Nd6 $18) 32... Nd5 $2 {[#]} (32... b5 $16) 33. e4 Nc7 34. Nxg7 Na6 35. Nf5 {White is clearly winning.} Nc5 36. Nd4 Nd7 37. g4 Ne5 38. f4 Ng6 39. Ne2 Nf8 40. Nc3 Ne6 41. Nd5+ Ka3 42. e5 Nd4+ 43. Kc3 Nxb3 44. f5 Nc5 45. Nxb6 {Accuracy: White = 92%, Black = 38%.} 1-0

[Event "III Copa Marcel Duchamp 2019"]
[Site "Montevideo"]
[Date "2019.02.09"]
[Round "1.10"]
[White "Larrea, Daniela"]
[Black "Bitelmajer, Martin"]
[Result "0-1"]
[WhiteElo "1770"]
[BlackElo "2453"]
[Annotator "TA"]
[PlyCount "70"]
[EventDate "2019.02.09"]
[EventType "swiss"]
[EventCountry "URU"]
[SourceTitle "playchess.com"]
[Source "ChessBase"]
[SourceQuality "1"]

{[%evp 28,70,44,42,38,0,41,23,36,31,24,47,22,-13,-13,-43,-56,-91,-68,-143,-142,-164,-151,-154,-154,-142,-142,-253,-232,-226,-179,-302,-313,-286,-160,-179,-95,-102,-94,-100,-104,-105,-112,-210,-217]} 1. d4 Nf6 2. c4 e6 3. Nc3 c5 4. d5 exd5 5. cxd5 d6 6. Nf3 g6 7. e4 Bg7 8. Be2 O-O 9. O-O a6 10. a4 Bg4 11. a5 Nbd7 12. Bf4 Qe7 13. Nd2 Bxe2 14. Qxe2 Nh5 15. Be3 Rfe8 {A75: Modern Benoni: Classical: 9...a6 10 a4 Bg4} 16. Nc4 (16. Ra4 Rab8 17. Kh1 Kh8 18. Re1 Be5 19. g3 Ng7 20. Qd3 f5 21. f4 Bxc3 22. bxc3 b5 23. axb6 Nxb6 24. Raa1 fxe4 25. Qxa6 Nxd5 26. c4 Nb4 27. Qa4 Nf5 28. Qd1 Nd3 {0-1 (28) Grigorov,G (2501)-Lupulescu,C (2593) Albena 2010}) 16... Rab8 17. Na4 $146 ({Predecessor:} 17. f3 Ne5 18. Nb6 Nd7 19. Nc4 Ne5 20. Nb6 Nd7 {½-½ (20) Tomilin,A (2365)-Zargarian,R (2302) Volodarskij 2007}) 17... Ne5 {White has an edge.} 18. Nab6 Rbd8 19. f3 f5 20. Nd2 Nf7 21. Nbc4 Nf6 {[%cal Rf5e4]} 22. Qf2 fxe4 23. fxe4 (23. Nxe4 $15 Nxd5 24. Rad1 Nxe3 25. Nxe3) 23... Ng4 $36 {[%mdl 2048] Black is on the roll.} 24. Qg3 Nxe3 25. Nxe3 Bxb2 {aiming for ...Be5.} 26. Rab1 Be5 27. Qg4 (27. Qe1 $17 {was called for.}) 27... Bd4 $19 28. Qg3 Qg5 29. Rf3 (29. Rb3 {was worth a try.}) 29... Qxg3 30. Rxg3 {[#]} Be5 ({Better is} 30... Ng5 $1 $19 {[%mdl 512]} 31. Kf1 (31. Rxg5 Bxe3+) 31... Nxe4 32. Nxe4 Rxe4) 31. Rg4 {[#]} Rd7 (31... Nh6 $1 $19 32. Rh4 Bd4) 32. Nec4 $17 Bd4+ 33. Kf1 Ne5 34. Nxe5 Bxe5 ({Reject} 34... Rxe5 35. Nc4 $11) 35. Nf3 (35. Ke2 $17) 35... Bc3 {Accuracy: White = 37%, Black = 55%.} 0-1

[Event "III Copa Marcel Duchamp 2019"]
[Site "Montevideo"]
[Date "2019.02.09"]
[Round "1.11"]
[White "Roselli Mailhe, Bernardo"]
[Black "Osinaga, Eduardo"]
[Result "1-0"]
[WhiteElo "2434"]
[BlackElo "1755"]
[Annotator "TA"]
[PlyCount "69"]
[EventDate "2019.02.09"]
[EventType "swiss"]
[EventCountry "URU"]
[SourceTitle "playchess.com"]
[Source "ChessBase"]
[SourceQuality "1"]

{[%evp 9,69,32,35,38,59,30,45,26,98,68,89,70,81,79,76,72,89,65,67,69,110,105,108,102,115,99,116,119,197,182,197,192,174,177,207,210,222,185,183,136,181,177,187,116,152,118,198,193,193,183,183,193,1124,1085,1355,1380,2452,2366,5783,4370,2796,731]} 1. d4 Nf6 2. c4 e6 3. Nf3 h6 4. g3 b6 (4... Bb4+ 5. Bd2 Be7 6. Bg2 d5 7. O-O Nbd7 8. Qc2 O-O 9. Rc1 c6 10. Bf4 g5 11. Bd2 Ne4 {1-0 (44) Mirzoyan,D (2341)-Hakobyan,A (2472) Yerevan 2017}) 5. Bg2 Bb7 6. O-O {E10: Blumenfeld Gambit} Be7 7. Nc3 O-O 8. d5 {White is slightly better.} d6 (8... Bb4 $11 {remains equal.}) 9. e4 e5 10. Ne1 $146 ({Predecessor:} 10. Nh4 Nh7 11. Nf5 Bg5 12. Bxg5 Qxg5 13. h4 Qd8 14. Qg4 Qf6 15. f4 {1-0 (30) Hoeffer,D (2252)-Densing,G (1794) Helsingor 2018}) 10... c6 11. Nd3 Nbd7 12. Be3 Rc8 13. Rc1 cxd5 14. cxd5 Ba6 15. b4 Bc4 16. Re1 a6 17. Nb2 b5 18. a4 {[%cal Ba2a4,Ba4b5][%mdl 32]} a5 (18... bxa4 $16 19. Ncxa4 Bb5) 19. Nxb5 $18 Bxb5 20. axb5 {Threatens to win with Rxc8.} axb4 21. Qa4 Nc5 22. Qxb4 Rb8 23. f3 Nfd7 24. Bf1 f5 25. exf5 Rxf5 26. Nd3 (26. Rxc5 $18 Nxc5 27. Bxc5 dxc5 28. Qe4) 26... Rxf3 27. Nxc5 ({Weaker is} 27. Qg4 Rxe3 $1 {[%mdl 512]} 28. Nxc5 Nxc5 $15) 27... Nxc5 (27... Rxe3 $16 28. Rxe3 Bg5) 28. Bxc5 ({And not} 28. Qg4 {[#]} Rxe3 $1 {[%mdl 512]} 29. Rxe3 Bg5 $15) 28... dxc5 29. Qe4 {[%mdl 64] Double Attack} Rf6 30. Bd3 {Hoping for d6.} Rbb6 $2 (30... g6 31. Qxe5 Bf8) 31. Qh7+ {White is clearly winning.} Kf7 32. Rxe5 Bd6 {[#]} 33. Re6 $1 {[%mdl 512] Intending Rf1 and mate.} Bf8 {[#]} (33... Rxe6 34. dxe6+) 34. Bg6+ $1 {[%mdl 512]} Rxg6 35. Qxg6+ {Accuracy: White = 72%, Black = 38%.} 1-0